| 000 | 01176cgb a2200361za 4500 | ||
|---|---|---|---|
| 003 | CHAP | ||
| 005 | 20220329142523.0 | ||
| 007 | vfrcbahom | ||
| 008 | 010829d1993 mx sp d 1vcspa d | ||
| 010 | _a84547 | ||
| 011 | _a85519 | ||
| 035 | _a96052 | ||
| 040 | _cCHAP | ||
| 090 | _aVC- 8 | ||
| 245 | 0 | 0 |
_aArqueología (videograbación) _c/por Consejo Nacional de Ciencia y Tecnología |
| 260 | 0 |
_aMéxico, D.F. : _bCONACYT, _c1993. |
|
| 300 |
_a1 videocasete ( min.) _bson. col ; _cFormato VHS |
||
| 590 |
_aBATCH-UPD _b10 _c20130110 _lUCH01 _h0527 |
||
| 590 |
_aBATCH-UPD _b10 _c20130410 _lUCH01 _h0207 |
||
| 590 |
_aBATCH-UPD _b10 _c20130914 _lUCH01 _h0359 |
||
| 590 |
_aCONVERSION _b10 _c20130109 _lUCH01 _h1347 |
||
| 650 | 0 | 4 |
_aIndios de México _xReligión y mitología. _957636 |
| 650 | 1 | 4 |
_aArqueología _zMéxico. _97357 |
| 650 | 1 | 4 |
_aEnergía renovable. _936910 |
| 650 | 1 | 4 |
_aMedicina tropical. _973922 |
| 650 | 1 | 4 |
_aMuerte. _979284 |
| 740 | 0 | 0 | _aFuentes alternativas de energía |
| 740 | 3 | 0 | _aLa leishmaniasis en México |
| 740 | 4 | 0 | _aLos vivos y la muerte |
| 901 | _aVM | ||
| 942 | _cV | ||
| 949 |
_aVC- 4 _bBC _cV _d960521 _eV _i96052 _mCopia de material del CP _st |
||
| 999 |
_c84547 _d84547 |
||